General orders of General Accounting Office.

Bibliographic Details
Corporate Author: United States. General Accounting Office
Format: Government Document eBook
Language:English
Published: [Washington] : [publisher not identified], 1922.
Subjects:
Online Access:Connect to the full text of this electronic document

MARC

Tag First Indicator Second Indicator Subfields
LEADER 00000cam a22000001a 4500
001 in00003757913
005 20190409170338.0
006 m o d f
007 cr bn mmmapmmp
008 141211s1922 dcu o f000 0 eng d
035 |a ebd1910702021 
040 |a UMI  |c UMI  |d UtOrBLW 
086 0 |a GA 1.8:26 
099 |a GA1.8-26 
110 1 |a United States.  |b General Accounting Office.  |0 http://id.loc.gov/authorities/names/n80126064 
245 1 0 |a General orders of General Accounting Office. 
264 1 |a [Washington] :  |b [publisher not identified],  |c 1922. 
300 |a 1 online resource (1 pages) 
336 |a text  |b txt  |2 rdacontent 
337 |a computer  |b c  |2 rdamedia 
338 |a online resource  |b cr  |2 rdacarrier 
533 |a Electronic reproduction.  |b [Bethesda, Md.] :  |c ProQuest,  |d 2014.  |e digital, PDF file.  |n ProQuest U.S. Executive Branch Documents  |n Mode of access: World Wide Web via ProQuest website. 
588 |a Record is based on online resource; title from PDF title page (ProQuest, last viewed Dec. 2014). Reuse except for individual research requires license from ProQuest, LLC. 
500 |a Electronic resource. 
650 0 |a Accounting.  |0 http://id.loc.gov/authorities/subjects/sh85000411 
650 0 |a Claims.  |0 http://id.loc.gov/authorities/subjects/sh85026530 
650 0 |a Government aid.  |0 http://id.loc.gov/authorities/subjects/sh98006527 
655 7 |a Electronic books.  |2 local 
856 4 0 |u http://proxy.library.tamu.edu/login?url=http://congressional.proquest.com/congressional/docview/t66.d71.ga1.8-26  |z Connect to the full text of this electronic document  |t 0 
999 f f |s 710e0467-75de-3d35-b8ea-ee65e96e57ce  |i 8e457fba-df6c-3132-af06-c10c19370814  |t 0 
952 f f |a Texas A&M University  |b College Station  |c Electronic Resources  |d Available Online  |t 0  |h No information provided 
998 f f |t 0  |l Available Online